000 00601nam a22001937a 4500
005 20250311114656.0
010 _aENG-1144056
020 _c450.00
_a9789384734930
035 _aEN-127588
037 _bDBAD
082 _a005.133
_21
100 _aDayanand, I. Edwin
_979502
245 _aIntroduction to Programming and Python from Scratch/
_cI. Edwin Dayanand
250 _a1
260 _aTamil Nadu
_bB-DIGEST Publications
_c2021
270 _a18/7, Devasahayam Street, Nagercoil
_bTamil Nadu
_e629001
300 _aVarious Pages
_c24CM(pb)
942 _2ddc
_cEN
_h005.133
_mDAY
999 _c210223
_d210223